[Event "Bundesliga 0304"]
[Site "Germany"]
[Date "2003.12.12"]
[Round "7.1"]
[White "Sakaev, Konstantin"]
[Black "McShane, Luke J"]
[Result "1-0"]
[WhiteElo "2655"]
[BlackElo "2619"]
[Annotator "Krasenkow,M"]
[PlyCount "75"]
[EventDate "2003.11.01"]
[EventType "team-tourn"]
[EventRounds "15"]
[EventCountry "GER"]
[SourceTitle "CBM 099"]
[Source "ChessBase"]
[SourceDate "2004.03.30"]
[SourceVersion "1"]
[SourceVersionDate "2004.03.30"]
[SourceQuality "1"]
[WhiteTeam "Bremer SG"]
[BlackTeam "Werder Bremen"]
[WhiteTeamCountry "GER"]
[BlackTeamCountry "GER"]

1. d4 Nf6 2. c4 g6 3. Nc3 d5 4. cxd5 Nxd5 5. e4 Nxc3 6. bxc3 Bg7 7. Bc4 c5 8.
Ne2 Nc6 9. Be3 cxd4 10. cxd4 Qa5+ 11. Bd2 Qd8 12. Be3 Qa5+ 13. Bd2 Qd8 14. Bc3
O-O 15. Qd2 Bd7 16. O-O Rc8 17. Rac1 a6 18. Bb3 $1 {A new, successful attempt
to get an advantage. After this strong prophylactical move it is not easy for
Black to find a good reply.} (18. a3 b5 19. Ba2 Qb6 20. d5 Ne5 21. Bd4 Qd6 22.
f4 Nc4 23. Bxc4 Bxd4+ 24. Nxd4 Rxc4 25. Rxc4 bxc4 26. Qc3 Rb8 27. h3 f6 28.
Qxc4 Qxa3 29. Qc7 Qd6 30. Qxd6 exd6 31. Rc1 {1/2-1/2 Sakaev,K-Tseitlin,M/
Beersheba 1998/EXT 99 (31)}) (18. Rfd1 {- see Korobov-Avrukh in CBM96}) (18. d5
$6 Ne5 19. Bb3 Bb5) 18... e6 (18... b5 19. d5 Ne5 20. f4 $16) 19. d5 exd5 20.
Bxg7 Kxg7 21. Bxd5 $14 {[%csl Rb6,Rb7,Gd5]} f6 (21... Qf6 22. Qe3 (22. f4 $143
Rfd8 23. Qe3 Be6) 22... Rfe8 23. Qb6 {making use of Black's queenside
weaknesses.}) 22. Nf4 (22. Qe3 $5 Qa5 23. Nf4) 22... Qe7 23. h3 {White needn't
hurry as Black has no counterplay!} (23. Qe3 {could be met by} f5 $5) 23...
Rfd8 24. Qe3 Kh8 (24... f5 {leads now to a loss of a pawn after} 25. exf5 Qxe3
26. fxe3 gxf5 (26... Bxf5 $2 27. Be6) 27. Ne6+ Bxe6 28. Bxe6 Rc7 29. Bxf5) 25.
Qb6 Be8 26. Rb1 Rb8 27. Rfc1 Rd6 {Black is seriously constricted but it is not
easy to break down his defense. White's general plan is to prepare e4-e5.} 28.
Qb2 Ne5 29. Rc3 {[%cal Yb1c1]} Bc6 30. Bxc6 Nxc6 31. Nd5 Qxe4 (31... Qe5 $5)
32. Nxf6 Qe5 33. Ne4 {Black has simplified the position but the diagonal
battery still causes him some problems.} Re6 $2 {"Preparing" the following
blunder.} (33... Rd5 $14 34. Rxc6 $140 $4 Rd1+) 34. Ng5 Re7 $4 {[%mdl 8192]
Just leaving the knight unprotected.} (34... Rf6 $8 {but...} {[%tqu "En","Find
the best move for White.","","","g5h7","",20]} 35. Nxh7 $3 Kxh7 (35... Rf5 36.
Rxc6) 36. Rxc6 $1 Qxb2 37. Rc7+ {and White wins a pawn.}) 35. Nf3 ({The
immediate} 35. Rxc6 {was possible, too.}) 35... Qf6 36. Rxc6 Qxb2 37. Rxb2 Rd8
38. Rcb6 1-0

[Event "Moscow Aeroflot op-A"]
[Site "Moscow"]
[Date "2004.02.21"]
[Round "5"]
[White "Korobov, Anton"]
[Black "Aronian, Levon"]
[Result "1-0"]
[WhiteElo "2552"]
[BlackElo "2648"]
[Annotator "Krasenkow,M"]
[PlyCount "85"]
[EventDate "2004.02.17"]
[EventType "swiss"]
[EventRounds "9"]
[EventCountry "RUS"]
[SourceTitle "CBM 100"]
[Source "ChessBase"]
[SourceDate "2004.06.01"]
[SourceVersion "1"]
[SourceVersionDate "2004.06.01"]
[SourceQuality "1"]

1. d4 Nf6 2. c4 g6 3. Nc3 d5 4. cxd5 Nxd5 5. e4 Nxc3 6. bxc3 Bg7 7. Bc4 O-O 8.
Ne2 Nc6 9. O-O e5 10. Be3 {Other possibilities:} (10. d5) (10. Ba3) 10... Qe7 (
10... exd4 11. cxd4 Na5 12. Bb3 {needs more tests} (12. Bd3 c5)) 11. d5 (11. f3
$5 Rd8 12. d5 Na5 13. Bd3 b6 14. c4 Nb7 15. Nc1 Bd7 16. Nb3 Ba4 17. Bc2 Bxb3
18. axb3 a5 19. Qe2 Re8 20. g3 Qf8 21. Rae1 Nc5 22. Qf2 Bh6 23. f4 exf4 24.
Bxf4 $14 {Dokhoian,Y-Akopian,V/Erevan/1988/}) (11. Qb1 b6 12. Rd1 Bb7 13. d5
Na5 14. Bd3 c5 15. c4 Bc8 16. Bd2 Nb7 17. a4 Nd6 18. a5 Ba6 19. axb6 axb6 20.
Qb3 Rfb8 21. Nc3 Qc7 22. Ra4 Bc8 23. Nb5 Nxb5 24. cxb5 Rxa4 25. Qxa4 Bf8 26.
Ra1 Bd6 27. Bc4 Rb7 28. Bc3 Qe7 29. Qc2 Ra7 30. Rxa7 Qxa7 31. Qa2 Qxa2 32. Bxa2
{1/2-1/2 Belozerov,A-Tseitlin,M/Halkidiki 2002/CBM 92 (32)}) (11. Qc2 Na5 (
11... b6 $5 12. f4 $6 exd4 13. cxd4 Nb4 14. Qb1 c5 15. e5 Bf5 16. Qb3 b5 $1 17.
Bxb5 Rab8 $17 {0-1 Pichel Jallas,J-De la Villa Garcia,J/Mondariz 1997/EXT 99 
(28)}) 12. Bd3 b6 $5 (12... c5 13. dxc5 Be6 14. f4 Nc4 15. Bf2 f6 (15... Rad8
$14 {K.Sakaev}) 16. f5 Bf7 17. Ng3 Rfd8 18. Rfd1 Rd7 19. Qe2 Rad8 20. Bxc4
Rxd1+ 21. Rxd1 Rxd1+ 22. Qxd1 Bxc4 23. a3 a6 24. h4 Bf7 25. fxg6 hxg6 26. h5
$16 {1-0 Sakaev,K-Hracek,Z/Jugoslavija 82/416 2001/[Sakaev,K] (43)}) 13. f4 $6
c5 $1 14. dxc5 bxc5 15. Qa4 Rd8 16. Rad1 c4 17. Bb1 Bg4 $36 {Gagunashvili,
M-Pashikian,A/Batumi (open) 2001}) 11... Na5 12. Bd3 b6 (12... c5 $5 13. f4
exf4 14. Bxf4 Bd7 15. Qd2 b5 16. Rab1 a6 17. Qe3 Nb7 18. Qg3 Rae8 19. a4 c4 20.
Bc2 f5 $13 {0-1 Graf,A-Ayapbergenov,A/Bishkek 1993/CBM 35/[Ftacnik] (36)}) 13.
f3 (13. Nc1 $6 c6 14. c4 c5 15. Nb3 Nb7 16. Rb1 Bd7 17. Bc2 f5 18. exf5 gxf5
19. f4 e4 20. Qe2 Rf6 21. Nd2 Rg6 $36 {0-1 Baron Rodriguez,J-De la Villa
Garcia,J/Benasque 1999/EXT 2001 (39)}) (13. Qd2 Bd7 14. Rac1 Nb7 15. f4 Bh6 16.
Rce1 Nc5 17. fxe5 Bxe3+ 18. Qxe3 Qxe5 19. Nd4 Rae8 20. Qd2 f6 21. Bc2 Qd6 22.
Nf3 Bg4 23. Nd4 Bd7 24. Nf3 Bg4 25. Nd4 a6 $15 {1/2-1/2 Tisdall,J-Stohl,I/
Gausdal 1991/TD (42)}) 13... Nb7 {This move allows the exchange of
light-squared bishops, which is favorable for White.} (13... c6 $5 14. c4 c5 {
[%cal Ya5b7,Yb7d6,Yf7f5]}) 14. Ba6 Nd6 15. Bxc8 Rfxc8 {Black gives up the
f7-f5 idea and starts a plan of queenside play (with c7-c6). However, the
white d5 pawn gains in importance.} (15... Raxc8 {[%cal Yc7c5,Yf7f5]} 16. Qd3
c5 17. c4 f5 18. a4 $14) 16. Qd3 c6 17. c4 Qb7 18. Rfd1 cxd5 19. cxd5 Nc4 20.
Rab1 Nxe3 21. Qxe3 Bf8 22. Qd3 a6 {A careless move.} (22... Bd6 $142 $13) 23.
f4 $5 {White starts an aggressive plan of pushing his d-pawn.} exf4 (23... Bc5+
24. Kh1 exf4 25. d6 Be3 26. Rf1 $36) (23... Bd6 24. fxe5 Bxe5 25. Nd4 $36) 24.
d6 Re8 25. d7 Re5 $2 {[%mdl 512] This rook sacrifice proves to be incorrect.} (
25... Red8 {allowed Black to eliminate the d7 pawn:} 26. Nxf4 {[%cal Yf4d5]}
Bg7 27. Nd5 (27. a4 Qc6 $5) (27. Kh1 Ra7) 27... Rxd7 28. Nf6+ Bxf6 29. Qxd7
Qxe4 $11 30. Qd6 Be5 31. Qd5 Qxd5 32. Rxd5 Bf4 33. Kf2 b5 {-the draw is not
far away.}) (25... Rxe4 {was inferior as the d7 pawn remained alive:} 26. Qf3
$1 (26. d8=Q $2 Rxd8 27. Qxd8 Rxe2) 26... Bc5+ 27. Kh1 Rd8 28. Nc3 f5 29. Nxe4
Qxe4 30. Qb3+ Kg7 31. Rd3 $16) 26. d8=Q Rxd8 27. Qxd8 Qxe4 28. Rb2 Qe3+ (28...
f3 29. gxf3 Qxf3 30. Rf1 Qe3+ 31. Kg2 Qe4+ 32. Rf3 Rf5 33. Qd3 $18) 29. Kf1 f3
30. Ng3 (30. Nd4 fxg2+ 31. Rxg2 {was equally strong.}) 30... h5 31. Qd3 fxg2+
32. Rxg2 Qc5 33. Rf2 Qe7 34. Qd7 Re1+ 35. Kg2 Rxd1 36. Qxd1 h4 37. Ne2 Qe4+ 38.
Kf1 b5 39. Qb3 Qb7 40. Qf3 Qd7 41. Nf4 Bg7 42. Qd5 Qg4 43. Ng2 1-0

[Event "ARM-ch"]
[Site "Yerevan"]
[Date "2000.08.31"]
[Round "2"]
[White "Lputian, Smbat G"]
[Black "Yegiazarian, Arsen"]
[Result "1-0"]
[WhiteElo "2598"]
[BlackElo "2527"]
[Annotator "Krasenkow,M"]
[PlyCount "55"]
[EventDate "2000.08.30"]
[EventType "tourn"]
[EventRounds "9"]
[EventCountry "ARM"]
[EventCategory "11"]
[SourceTitle "CBM 079"]
[Source "ChessBase"]
[SourceDate "2000.11.21"]
[SourceVersion "1"]
[SourceVersionDate "2000.11.21"]
[SourceQuality "1"]

1. d4 Nf6 2. c4 g6 3. Nc3 d5 4. cxd5 Nxd5 5. e4 Nxc3 6. bxc3 Bg7 7. Bc4 O-O 8.
Ne2 e5 $6 {A dubious novelty as Black is not yet ready to attack in the centre.
Still, the refutation is to be found.} 9. Ba3 Re8 10. Qb3 Qf6 11. f4 $5 exf4 (
11... exd4 12. e5) 12. e5 Qh4+ $6 {This brings White an advantage.} ({After} 
12... Qf5 $1 {Black seems to hold on, e.g.} 13. g4 (13. O-O g5) 13... fxg3 {
and now:} (13... Qd7 14. Nxf4) 14. Nxg3 (14. Rf1 gxh2 15. Bxf7+ (15. Bd5 Qh3)
15... Kh8 16. O-O-O (16. Rxf5 h1=Q+ 17. Rf1 Qh4+) 16... Qg5+ 17. Kb2 Rd8 18. e6
$1 Nc6 $13) (14. hxg3 Be6 15. Bxe6 Qxe6 16. Qxb7 Nc6 $13) 14... Qf3 15. Rf1
Qe3+ 16. Ne2 Kh8 17. Bxf7 Bg4 18. Rf2 Rd8 $13) 13. g3 $1 fxg3 14. Bxf7+ Kh8 15.
O-O-O g2 16. Rhg1 Rd8 17. e6 {"Killing" the c8 bishop. Comparing to one of the
lines with 12...Qf5, the black pawn is on g2, not h2, and White can easier
attack it.} Nc6 $2 {Why give up this pawn at once??} (17... Qg5+ $142 18. Kb1
$1 Nc6 19. Qc2 $1 $16 Qf6 20. Qe4) 18. Rxg2 Qe4 19. Rdg1 {After the loss of
the g2 pawn the black king is not safe anymore.} b5 20. Qc2 $1 {Trying to get
rid of Black's only active piece.} Qe3+ 21. Kb1 Bxe6 {Eliminating the strong
pawn but the black king is helpless.} 22. Bxe6 Qxe6 23. Nf4 Qc4 (23... Qf7 24.
Nxg6+ $1 $18) 24. Nxg6+ hxg6 25. Qxg6 Rd7 26. Qh5+ Kg8 27. Qh6 Qd3+ 28. Kb2 1-0

[Event "RUS-ch qual 57th"]
[Site "Tomsk"]
[Date "2004.05.29"]
[Round "7"]
[White "Kobalia, Mihail"]
[Black "Yandemirov, Valeri"]
[Result "1-0"]
[WhiteElo "2630"]
[BlackElo "2494"]
[Annotator "Krasenkow,M"]
[PlyCount "57"]
[EventDate "2004.05.23"]
[EventType "swiss"]
[EventRounds "9"]
[EventCountry "RUS"]
[SourceTitle "CBM 102"]
[Source "ChessBase"]
[SourceDate "2004.09.23"]
[SourceVersion "1"]
[SourceVersionDate "2004.09.23"]
[SourceQuality "1"]

1. d4 Nf6 2. c4 g6 3. Nc3 d5 4. cxd5 Nxd5 5. e4 Nxc3 6. bxc3 Bg7 7. Bc4 O-O 8.
Ne2 Nc6 9. O-O Na5 10. Bd3 Be6 $6 {An interesting but pretentious idea by GM
Bukhuti Gurgenidze.} 11. Bg5 (11. d5 Bd7 12. Be3 c6 {This is the point!} 13. c4
$5 b6 14. Bd4 e5 15. Bc3 Nb7 {[%cal Yb7c5]} 16. f4 Qc7 17. fxe5 $6 Bxe5 18.
Bxe5 Qxe5 19. Qd2 Nc5 $17 {0-1 Anokhin,Y-Gurgenidze,B/Batumi 1961/EXT 2000 (49)
.}) 11... c6 12. f4 {[%mdl 128] White pays no attention to the c4 point and
starts a kingside attack based on his strong pawn centre.} Bc4 (12... f5 $5 {
was probable the last real chance to stop White's attack.}) 13. f5 Qd7 14. Rf3
Rfe8 15. Bxc4 Nxc4 16. Qd3 b5 (16... Nb2 17. Qe3 Nc4 18. Qf2 $16) 17. Raf1 {
The rest doesn't require any comments as White's attack develops without major
obstacles.} e5 18. fxe6 Qxe6 19. Ng3 Qg4 20. h4 h6 21. Rf4 Qe6 22. Bf6 Bf8 23.
e5 Nb6 24. h5 g5 25. Rf5 Nd5 26. Ne4 Be7 27. Nxg5 $1 hxg5 28. Rxg5+ Kf8 29.
Rg8+ 1-0

[Event "Chigorin Memorial 07th"]
[Site "St Petersburg"]
[Date "1999.11.09"]
[Round "8"]
[White "Iljushin, Alexei"]
[Black "Lukin, Andrei M"]
[Result "0-1"]
[WhiteElo "2527"]
[BlackElo "2438"]
[Annotator "Krasenkow,M"]
[PlyCount "84"]
[EventDate "1999.11.02"]
[EventType "swiss"]
[EventRounds "9"]
[EventCountry "RUS"]
[SourceTitle "CBM 074"]
[Source "ChessBase"]
[SourceDate "2000.02.01"]
[SourceVersion "1"]
[SourceVersionDate "2000.02.01"]
[SourceQuality "1"]

1. d4 Nf6 2. c4 g6 3. Nc3 d5 4. cxd5 Nxd5 5. e4 Nxc3 6. bxc3 Bg7 7. Bc4 O-O 8.
Ne2 Nc6 9. O-O b6 10. Bg5 Bb7 11. Qd3 $6 {A harmless novelty as after the
exchange of light-squared bishops White's space advantage is not important
anymore.} (11. Qd2 Qd6 (11... Qd7 12. Bb5 $1 a6 13. Bd3 e6 14. e5 Na5 15. Ng3
c5 16. Nh5 f6 17. Nxf6+ Bxf6 18. Bxf6 cxd4 19. cxd4 Qxd4 20. Qh6 Rxf6 21. exf6
Qxf6 22. Rac1 Qf7 23. Qe3 b5 24. Qb6 Nc4 25. Bxc4 bxc4 26. Rxc4 Bd5 27. Rc7 Qf6
28. Rfc1 Qg5 29. f3 {1-0 Lytchak,A-Lukin,A/White Nights 1999 - CBM72}) (11...
Na5 12. Bd3 c5 13. d5 Qd7 14. Bh6 Qa4 15. Bxg7 Kxg7 16. c4 Ba6 17. Rfc1 Kg8 18.
Nc3 Qd7 19. Nd1 Rad8 20. Rc3 e5 21. Qg5 f6 22. Qg3 Qg7 23. Rac1 Qh6 24. Qe3
Qxe3 25. Nxe3 Bc8 26. Ra3 {Gligoric,S-Uhlmann,W/Stockholm izt 1962/1/2-1/2 (87)
}) 12. Rad1 {is the topical line of this system:} e6 $5 (12... e5 13. Ba6 Na5
14. Bxb7 Nxb7 15. Bh6 Rfe8 16. Bxg7 Kxg7 17. Ng3 Rad8 18. f4 exd4 19. cxd4 c5
20. d5 f6 21. e5 fxe5 22. f5 Rf8 23. Ne4 Qd7 24. f6+ Kh8 25. Ng5 Rde8 26. f7
Rc8 27. Qe3 {Ivanchuk,V-Svidler,P/Hoogovens Blitz 1999/1-0 (38)}) (12... Na5
13. Bd3 e5 (13... c5 14. d5 e6 15. c4 Ba6 16. Qc1 (16. Qc2 exd5 17. exd5 Qd7
18. Ng3 Rae8 19. Bd2 Nb7 20. Ne4 Nd6 $1 21. Nxd6 Qxd6 22. Qa4 $6 (22. Rfe1 Bc8
$11) 22... Bc8 23. Qxa7 Be5 $1 $40 {Jussupow,A-Gulko,B/Hastings 1989/0-1 (48)})
16... exd5 17. exd5 Rae8 18. Ng3 Qd7 19. Rfe1 f5 20. Ne2 Nb7 21. Nf4 Rxe1+ 22.
Rxe1 Re8 23. Ne6 Bh8 24. Nc7 $1 Rxe1+ 25. Qxe1 Qxc7 26. Qe8+ Kg7 27. Bd2 $1 $18
{1-0 Beliavsky,A-Gulko,B/Linares 1990 (35)}) 14. Bh6 Rae8 15. f3 Rd8 16. Qg5 f6
17. Qh4 Bxh6 18. Qxh6 Rfe8 19. Kh1 Qf8 20. Qh4 Kg7 21. dxe5 fxe5 22. f4 Qe7 23.
Qg3 exf4 24. Nxf4 Qe5 25. h4 Rd6 26. Rde1 Kg8 27. Re3 c5 28. Ref3 $36 c4 29.
Bb1 Bc6 30. Qf2 Qc5 $2 31. Qxc5 bxc5 32. e5 Rxe5 33. Nxg6 Rxg6 34. Rf8+ Kg7 35.
Bxg6 Kxg6 36. R1f6+ Kg7 37. R8f7+ Kg8 38. Rxa7 Re2 39. Rxa5 {1-0 Shliperman,
I-Kudrin,S/ch-USA prelim A 1999 (43)}) 13. e5 $2 Nxe5 14. dxe5 Qc6 15. f3 Qxc4
16. Qe3 Qc5 17. Qxc5 bxc5 18. f4 f6 19. exf6 Bxf6 20. Bxf6 Rxf6 21. c4 Ba6 22.
Rc1 Rd8 23. Nc3 Rd4 24. Nb5 Rdxf4 25. Rxf4 Rxf4 26. a4 {Florescu,C-Munteanu,A/
Bucharest schev 1993/1/2-1/2 (40)}) 11... Na5 12. Ba6 Bxa6 13. Qxa6 Qd7 14. Qd3
e6 15. f4 $2 {This "attack" only weakens White's position. It can't succeed as
Black can powerfully counter-attack in the centre.} (15. c4 $2 c5) (15. Rfd1 {
=/=/+}) 15... c5 16. f5 exf5 17. exf5 Rfe8 18. Rad1 cxd4 19. cxd4 Rac8 {
[%cal Ge8e1,Gc8c1] A typical situation: a wrong flank attack has enabled the
opponent to seize the centre.} 20. Rf2 Nc4 21. Qh3 Nd6 22. Ng3 (22. fxg6 Qxh3
23. gxf7+ $4 Nxf7) 22... Rc3 23. f6 Qxh3 24. gxh3 Bf8 {This endgame is
completely hopeless for White: all(!) his pawns are weak and the black pieces
control the whole board.} 25. Kg2 Nc4 26. Nf1 b5 {The advance of Black's
queenside pawns decides the game.} 27. Bf4 a5 28. h4 h5 29. d5 Bc5 30. Rf3 Rc2+
31. Kh3 Nd6 {[%csl Gd6]} 32. Rc1 Rxc1 33. Bxc1 Re5 {[%csl Rd5]} 34. Rd3 Rf5 {
[%csl Rf6]} 35. Ng3 Rxf6 36. Rc3 Bd4 37. Rc6 Be5 38. Bg5 Rf2 39. Be7 Ne4 40. d6
Rd2 41. Rc8+ Kh7 42. Rb8 Nxd6 0-1